[Event "20th Reykjavik op"]
[Site "Reykjavik ISL"]
[Date "2002.03.15"]
[Round "9"]
[White "Johannesson, Ingvar Thor"]
[Black "Lie, Kjetil"]
[Result "0-1"]
[WhiteElo "2267"]
[BlackElo "2388"]
[EventDate "2002.03.07"]
[PlyCount "114"]

1.e4 c5 2.b3 Nc6 3.Bb5 Nd4 4.Bc4 e6 5.Ne2 Nc6 6.Bb2 Nf6 7.e5 Ng4 8.f4 d5 
9.exd6 Bxd6 10.O-O O-O 11.h3 Nf6 12.Nbc3 a6 13.a3 b5 14.Bd3 c4 15.bxc4 
bxc4 16.Bxc4 Na5 17.Bb3 Bb7 18.d4 Nxb3 19.cxb3 Qb6 20.Rc1 Qc6 21.Rf3 Rac8 
22.d5 Qb6+ 23.Kh1 Rfd8 24.Rg3 Qf2 25.Rxg7+ Kf8 26.Rg3 Be7 27.Qd4 Qxd4 28.
Nxd4 Nxd5 29.Nxd5 Rxc1+ 30.Bxc1 Bxd5 31.Bb2 Bd6 32.Rg4 Ke7 33.Kg1 Bc5 34.
b4 Bb6 35.Kh2 Rc8 36.Kg3 Rc4 37.Nf3 Rc2 38.Be5 Bf2+ 39.Kh2 h5 40.Rg8 h4 
41.Bd4 Bg3+ 42.Rxg3 hxg3+ 43.Kxg3 Bxf3 44.Kxf3 Ra2 45.a4 Rxa4 46.Kg4 f6 
47.Bc5+ Kf7 48.Kh4 Kg6 49.Kg4 Ra2 50.g3 Ra3 51.Be7 f5+ 52.Kh4 Rf3 53.Bd6 
Rd3 54.Be5 Kf7 55.g4 Kg6 56.g5 Kf7 57.Kh5 Rxh3# 0-1

[Event "20th Reykjavik op"]
[Site "Reykjavik ISL"]
[Date "2002.03.15"]
[Round "9"]
[White "Jonasson, Benedikt"]
[Black "Halldorsson, Bragi"]
[Result "1/2-1/2"]
[WhiteElo "2267"]
[BlackElo "2236"]
[EventDate "2002.03.07"]
[PlyCount "151"]

1.e4 c6 2.d4 d5 3.exd5 cxd5 4.Bd3 Nf6 5.c3 Bg4 6.Qb3 Qc7 7.Bg5 Nbd7 8.Nd2 
e6 9.Ngf3 Bd6 10.O-O O-O 11.Rfe1 Bh5 12.h3 Bg6 13.Bxg6 hxg6 14.Re2 b5 15.
Rae1 a5 16.a3 Rfc8 17.Bxf6 Nxf6 18.Ne5 b4 19.axb4 axb4 20.cxb4 Qb6 21.Ndf3
Qxb4 22.Qe3 Ne4 23.Nd3 Qb3 24.Nd2 Nxd2 25.Qxd2 Ra4 26.Ne5 Qb4 27.Qg5 Bxe5 
28.dxe5 Ra2 29.Rc1 Rf8 30.Rec2 Qb8 31.Rb1 d4 32.Rd2 Rd8 33.Qf4 Ra4 34.Rbd1
Qb6 35.g3 Rb4 36.Rd3 Rd5 37.Ra1 Qb8 38.Rda3 Rd8 39.Qe4 d3 40.Qe3 Rbd4 41.
Qxd4 Rxd4 42.Ra8 Qxa8 43.Rxa8+ Kh7 44.Ra1 g5 45.Kg2 Rb4 46.Rd1 Rxb2 47.
Rxd3 Re2 48.Rd4 Rxe5 49.h4 gxh4 50.Rxh4+ Kg6 51.Ra4 Kf6 52.Kf3 Rd5 53.Rb4 
g5 54.Ra4 Kf5 55.Ke3 f6 56.Kf3 Rd3+ 57.Kg2 g4 58.Rf4+ Kg5 59.Ra4 Rd2 60.
Ra8 e5 61.Rg8+ Kf5 62.Rg7 e4 63.Re7 Rd5 64.Ra7 e3 65.fxe3 Rd2+ 66.Kf1 Ke4 
67.Ra4+ Kf3 68.Rf4+ Kxg3 69.Rxf6 Rd1+ 70.Ke2 Ra1 71.e4 Kg2 72.Ke3 g3 73.e5
Kg1 74.Ke4 g2 75.e6 Rf1 76.Ke5 1/2-1/2

[Event "20th Reykjavik op"]
[Site "Reykjavik ISL"]
[Date "2002.03.15"]
[Round "9"]
[White "Kiss, Pal"]
[Black "Hardarson, Robert"]
[Result "1-0"]
[WhiteElo "2390"]
[BlackElo "2298"]
[EventDate "2002.03.07"]
[PlyCount "77"]

1.d4 Nf6 2.c4 c5 3.d5 b5 4.cxb5 a6 5.bxa6 Bxa6 6.Nc3 g6 7.e4 Bxf1 8.Kxf1 
d6 9.Nf3 Bg7 10.h3 O-O 11.g3 Nbd7 12.Kg2 Qa5 13.Re1 Rfb8 14.e5 Nxe5 15.
Nxe5 dxe5 16.Rxe5 Ra7 17.Qf3 Rd7 18.Re2 c4 19.Bf4 Rbd8 20.Rc1 Nxd5 21.Nxd5
Rxd5 22.Rxe7 Rf8 23.Rxc4 Bxb2 24.a4 Bf6 25.Bc7 Qa6 26.Qxd5 Bxe7 27.Qc6 
Qxc6+ 28.Rxc6 Ra8 29.a5 Kf8 30.Rb6 Ke8 31.Rb7 Bc5 32.f4 Ra7 33.Rxa7 Bxa7 
34.Kf3 Kd7 35.Bb6 Bxb6 36.axb6 Kc6 37.Ke4 f6 38.b7 Kxb7 39.Kd5 1-0

[Event "20th Reykjavik op"]
[Site "Reykjavik ISL"]
[Date "2002.03.15"]
[Round "9"]
[White "Kjartansson, Gudmundur"]
[Black "Paasikangas, Johanna"]
[Result "0-1"]
[WhiteElo "2060"]
[BlackElo "2300"]
[EventDate "2002.03.07"]
[PlyCount "160"]

1.d4 d5 2.Bg5 h6 3.Bh4 c6 4.Nf3 Qb6 5.b3 Bf5 6.e3 Nd7 7.Bd3 Bxd3 8.Qxd3 
Ngf6 9.O-O Ne4 10.Nbd2 g5 11.Bg3 Nxg3 12.hxg3 Bg7 13.c4 e6 14.cxd5 cxd5 
15.Rac1 O-O 16.Rc2 Rac8 17.Rfc1 Rc6 18.Rxc6 bxc6 19.Qc3 Rc8 20.b4 g4 21.
Ne1 e5 22.Nb3 exd4 23.exd4 Nf6 24.Nc5 Ne4 25.Nxe4 dxe4 26.Nc2 Qa6 27.a3 
Qd3 28.Qxd3 exd3 29.Ne3 Bxd4 30.Nf5 Bf6 31.Rd1 Rd8 32.Nxh6+ Kf8 33.Nxg4 
Bb2 34.a4 Bc3 35.f4 Bxb4 36.Ne5 d2 37.Kf1 Rd6 38.Ke2 c5 39.Nf3 Ra6 40.Nxd2
Rxa4 41.Nf1 Ra2+ 42.Kf3 a5 43.Ne3 a4 44.Ke4 a3 45.Kd3 Rb2 46.Ra1 Rd2+ 47.
Kc4 Rd4+ 48.Kb5 Rd3 49.Nc2 Rb3 50.Ka4 Rb2 51.Nxa3 Rxg2 52.Kb5 Ke7 53.Nc4 
Rxg3 54.Ne5 Ra3 55.Rd1 Ke6 56.Nd3 Rc3 57.Nxb4 cxb4 58.Kxb4 Rc7 59.Rf1 Kf5 
60.Kb3 f6 61.Kb4 Rc8 62.Kb5 Ke4 63.f5 Rc3 64.Kb4 Rf3 65.Re1+ Kxf5 66.Kc4 
Kf4 67.Kd4 f5 68.Rg1 Rf2 69.Rg8 Rd2+ 70.Kc3 Rd7 71.Rf8 Ke4 72.Kc2 f4 73.
Rf6 Ke3 74.Re6+ Kf2 75.Rf6 f3 76.Rf8 Ke2 77.Re8+ Kf1 78.Rf8 f2 79.Rf6 Rg7 
80.Kd2 Kg1 0-1

[Event "20th Reykjavik op"]
[Site "Reykjavik ISL"]
[Date "2002.03.15"]
[Round "9"]
[White "Korneev, Oleg"]
[Black "Kristjansson, Stefan"]
[Result "1-0"]
[WhiteElo "2568"]
[BlackElo "2389"]
[EventDate "2002.03.07"]
[PlyCount "82"]

1.e4 e6 2.d4 d5 3.Nc3 Bb4 4.e5 Ne7 5.a3 Bxc3+ 6.bxc3 c5 7.Qg4 Kf8 8.Bd2 
Qc7 9.Bd3 c4 10.Bf1 Bd7 11.Nh3 Ba4 12.Qd1 Nd7 13.Be2 h6 14.O-O Kg8 15.f4 
Rf8 16.f5 Nxf5 17.Nf4 Nxe5 18.dxe5 Qxe5 19.Bg4 Nd6 20.Ne2 g5 21.Re1 Ne4 
22.Be3 Qd6 23.Bf3 f5 24.Bxe4 fxe4 25.Ng3 Qc7 26.Qg4 Bd7 27.Rf1 Kh7 28.Nxe4
dxe4 29.Qxe4+ Rf5 30.Rxf5 exf5 31.Qe7+ Kg8 32.Bd4 Rh7 33.Qf6 Qc6 34.Qd8+ 
Be8 35.Re1 Kf8 36.Bxa7 Rc7 37.Kf1 Rc8 38.Qe7+ Kg8 39.Bd4 Qg6 40.Qxb7 Rd8 
41.Re6 Qh7 1-0

[Event "20th Reykjavik op"]
[Site "Reykjavik ISL"]
[Date "2002.03.15"]
[Round "9"]
[White "Lobron, Eric"]
[Black "Olafsson, Helgi"]
[Result "1/2-1/2"]
[WhiteElo "2517"]
[BlackElo "2474"]
[EventDate "2002.03.07"]
[PlyCount "34"]

1.Nf3 d5 2.d4 Nf6 3.c4 e6 4.Bg5 Be7 5.e3 O-O 6.Bd3 dxc4 7.Bxc4 c5 8.O-O 
cxd4 9.exd4 h6 10.Bh4 Nc6 11.Nc3 Nh5 12.Bxe7 Nxe7 13.d5 exd5 14.Nxd5 Nxd5 
15.Qxd5 Qxd5 16.Bxd5 Nf4 17.Bb3 Be6 1/2-1/2

[Event "20th Reykjavik op"]
[Site "Reykjavik ISL"]
[Date "2002.03.15"]
[Round "9"]
[White "Miezis, Normunds"]
[Black "Thorfinnsson, Bragi"]
[Result "1-0"]
[WhiteElo "2498"]
[BlackElo "2360"]
[EventDate "2002.03.07"]
[PlyCount "149"]

1.c4 e5 2.Nc3 Nf6 3.g3 Bb4 4.Bg2 O-O 5.e4 Bxc3 6.dxc3 d6 7.Qe2 a6 8.Nf3 
Nbd7 9.O-O b5 10.Rd1 Rb8 11.Nh4 Nc5 12.b3 Be6 13.Ba3 Nfd7 14.cxb5 axb5 15.
h3 Re8 16.Nf3 Qc8 17.Ne1 f6 18.Nc2 Qb7 19.Nb4 Ra8 20.Bb2 Bf7 21.Kh2 Ra7 
22.f3 Rea8 23.Bf1 Ra5 24.h4 R8a7 25.Bh3 Nf8 26.Bg2 Qa8 27.Qe1 Ncd7 28.Rab1
Nb8 29.Qe2 Na6 30.Nd5 Rxa2 31.b4 c6 32.Ne3 Rd7 33.f4 exf4 34.gxf4 Qe8 35.
Rd2 d5 36.exd5 Re7 37.Re1 cxd5 38.Qf3 Nc7 39.Qg3 Be6 40.Rde2 Qh5 41.f5 d4 
42.cxd4 Bc4 43.Ng4 Rf7 44.Re7 Kh8 45.Bc1 Nd5 46.Re8 Qxf5 47.Nh6 gxh6 48.
Bxh6 Qg6 49.Bxf8 Qxg3+ 50.Kxg3 h5 51.Rd8 Nc3 52.Bf3 Ne2+ 53.Bxe2 Bxe2 54.
d5 Kh7 55.Kf4 Bg4 56.Bc5 Ra3 57.Ree8 Ra1 58.d6 Rf1+ 59.Kg3 Rf3+ 60.Kg2 Rd3
61.Re7 Rg7 62.Kf2 Kg6 63.Rb8 Rd1 64.Rh8 Rd2+ 65.Ke3 Rd1 66.Rf8 Re1+ 67.Kd2
Rd1+ 68.Kc2 Rd5 69.Kc3 Bf5 70.Re3 Rd7 71.Re7 Rd3+ 72.Kb2 Rd2+ 73.Kc1 R2xd6
74.Rg8+ Kh6 75.Be3# 1-0

[Event "20th Reykjavik op"]
[Site "Reykjavik ISL"]
[Date "2002.03.15"]
[Round "9"]
[White "Petursson, Gudni"]
[Black "Gretarsdottir, Lilja"]
[Result "0-1"]
[WhiteElo "2112"]
[BlackElo "2056"]
[EventDate "2002.03.07"]
[PlyCount "56"]

1.d4 d5 2.c4 c6 3.Nf3 Nf6 4.Nc3 dxc4 5.a4 Bf5 6.e3 e6 7.Bxc4 Nbd7 8.O-O 
Bb4 9.Na2 Bd6 10.b4 Qc7 11.h3 O-O 12.Qb3 e5 13.Nh4 Bg6 14.f4 exf4 15.Nxg6 
hxg6 16.exf4 Ne4 17.Qd3 Ndf6 18.Be3 Rfe8 19.Rae1 g5 20.fxg5 Bh2+ 21.Kh1 
Ng3+ 22.Kxh2 Nxf1+ 23.Kg1 Rxe3 24.Rxe3 Nxe3 25.Qxe3 Re8 26.Qb3 Nd5 27.Bxd5
cxd5 28.Qxd5 Qg3 0-1

[Event "20th Reykjavik op"]
[Site "Reykjavik ISL"]
[Date "2002.03.15"]
[Round "9"]
[White "Shahade, Jennifer"]
[Black "Hillarp Persson, Tiger"]
[Result "0-1"]
[WhiteElo "2302"]
[BlackElo "2456"]
[EventDate "2002.03.07"]
[PlyCount "64"]

1.e4 g6 2.d4 Bg7 3.Nc3 d6 4.Nf3 a6 5.a4 b6 6.Bc4 e6 7.Qe2 Ne7 8.e5 d5 9.
Ba2 c5 10.Bg5 O-O 11.Rd1 Bb7 12.Qe3 h6 13.Bf6 Bxf6 14.exf6 Nf5 15.Qf4 Qxf6
16.Qc7 Qe7 17.Qxb6 c4 18.b3 cxb3 19.Bxb3 Rc8 20.Ne2 a5 21.Ne5 Nc6 22.Nxc6 
Bxc6 23.O-O Be8 24.Nf4 Rc6 25.Qb5 Rxc2 26.Qd3 Rb2 27.Rfe1 Qb4 28.Bc2 Rxc2 
29.Qxc2 Bxa4 30.Qc7 Bxd1 31.Rxd1 Qb8 32.Qc1 a4 0-1

[Event "20th Reykjavik op"]
[Site "Reykjavik ISL"]
[Date "2002.03.15"]
[Round "9"]
[White "Sigfusson, Sigurdur"]
[Black "Votava, Jan"]
[Result "1-0"]
[WhiteElo "2351"]
[BlackElo "2515"]
[EventDate "2002.03.07"]
[PlyCount "69"]

1.e4 c5 2.Nf3 e6 3.d4 cxd4 4.Nxd4 a6 5.Bd3 d6 6.O-O Nf6 7.Be3 Bd7 8.f4 Nc6
9.Nc3 Qb6 10.Na4 Qc7 11.Nf3 Be7 12.Nb6 Rb8 13.h3 O-O 14.c3 Rfd8 15.f5 Ne5 
16.Nxd7 Qxd7 17.fxe6 fxe6 18.Bc2 Nxf3+ 19.Qxf3 Rf8 20.Bb3 Kh8 21.Rfd1 Qc8 
22.Bf2 b5 23.Qe2 Ng8 24.Qg4 Rf6 25.Ba7 Ra8 26.Be3 Rg6 27.Qf3 Bg5 28.Bxg5 
Rxg5 29.Qe3 Re5 30.Rxd6 Nf6 31.Rf1 Qb7 32.Qd4 Rxe4 33.Rd8+ Rxd8 34.Qxd8+ 
Ng8 35.Rf8 1-0

[Event "20th Reykjavik op"]
[Site "Reykjavik ISL"]
[Date "2002.03.15"]
[Round "9"]
[White "Stefansson, Hannes Hlifar"]
[Black "Holmsten, Aleksei"]
[Result "1-0"]
[WhiteElo "2604"]
[BlackElo "2420"]
[EventDate "2002.03.07"]
[PlyCount "93"]

1.e4 c5 2.Nf3 Nc6 3.d4 cxd4 4.Nxd4 Nf6 5.Nc3 e5 6.Ndb5 d6 7.Bg5 a6 8.Na3 
b5 9.Nd5 Be7 10.Bxf6 Bxf6 11.c3 Ne7 12.Nxf6+ gxf6 13.Bd3 d5 14.Nc2 Bb7 15.
exd5 Qxd5 16.Ne3 Qe6 17.a4 Rd8 18.Qc2 Nd5 19.axb5 Nxe3 20.fxe3 Rg8 21.Be4 
Bxe4 22.Qxe4 Rg4 23.Qf3 e4 24.Qe2 axb5 25.Qxb5+ Kf8 26.O-O Rd2 27.Rf2 Rxf2
28.Kxf2 Rg5 29.Qb4+ Kg7 30.Ra5 Rxa5 31.Qxa5 Qd6 32.Qh5 Qd2+ 33.Qe2 Qc1 34.
Kg3 h5 35.Kf4 Qb1 36.c4 Kg6 37.Kg3 Qc1 38.Kh4 Qg1 39.h3 f5 40.Qxh5+ Kf6 
41.Qh6+ Ke7 42.Qf4 f6 43.c5 Qxg2 44.Qxf5 Qxb2 45.c6 Kd6 46.Qd7+ Kc5 47.c7 
1-0

[Event "20th Reykjavik op"]
[Site "Reykjavik ISL"]
[Date "2002.03.15"]
[Round "9"]
[White "Thorfinnsson, Bjoern"]
[Black "Gunnarsson, Jon Viktor"]
[Result "1/2-1/2"]
[WhiteElo "2279"]
[BlackElo "2402"]
[EventDate "2002.03.07"]
[PlyCount "64"]

1.d4 e6 2.Nf3 c5 3.c3 Nf6 4.Bg5 Qb6 5.Qc2 Nc6 6.e3 d5 7.Nbd2 Bd7 8.Qb3 
Qxb3 9.axb3 h6 10.Bh4 g5 11.Bg3 Nh5 12.Bd3 Nxg3 13.hxg3 cxd4 14.exd4 Bg7 
15.b4 g4 16.b5 gxf3 17.bxc6 bxc6 18.gxf3 Ke7 19.Kd1 e5 20.Nb3 Rhb8 21.Kc2 
exd4 22.Nxd4 c5 23.Nf5+ Bxf5 24.Bxf5 Rb6 25.Ra3 Kd6 26.Rd1 d4 27.c4 Rab8 
28.Ra2 a5 29.Rd3 a4 30.Be4 Rb3 31.Kc1 R3b4 32.Bd5 Re8 1/2-1/2

[Event "20th Reykjavik op"]
[Site "Reykjavik ISL"]
[Date "2002.03.15"]
[Round "9"]
[White "Thorhallsson, Throestur"]
[Black "Boricsev, Oleg"]
[Result "1/2-1/2"]
[WhiteElo "2434"]
[BlackElo "2333"]
[EventDate "2002.03.07"]
[PlyCount "55"]

1.e4 d5 2.Nc3 dxe4 3.Nxe4 Nd7 4.d4 Ngf6 5.Ng5 e6 6.Bc4 Nb6 7.Bd3 h6 8.N5f3
c5 9.dxc5 Bxc5 10.Qe2 Qc7 11.Nh3 Bd6 12.Nd4 Bb4+ 13.c3 Be7 14.Bf4 Qc5 15.
O-O Nbd5 16.Be5 Bd7 17.a3 Bd6 18.Bxd6 Qxd6 19.Nf5 Qc5 20.c4 O-O 21.b4 Qb6 
22.Ng3 Ne7 23.Nf4 Qd4 24.Nfh5 Nxh5 25.Nxh5 Ba4 26.Rac1 Rac8 27.Bc2 Bxc2 
28.Qxc2 1/2-1/2

[Event "20th Reykjavik op"]
[Site "Reykjavik ISL"]
[Date "2002.03.15"]
[Round "9"]
[White "Westerinen, Heikki"]
[Black "Berkes, Ferenc"]
[Result "1/2-1/2"]
[WhiteElo "2412"]
[BlackElo "2522"]
[EventDate "2002.03.07"]
[PlyCount "242"]

1.e4 c5 2.Nf3 e6 3.Nc3 Nc6 4.Bb5 Nge7 5.O-O a6 6.Bxc6 Nxc6 7.d4 cxd4 8.
Nxd4 Qc7 9.Be3 b5 10.Qd2 Bb7 11.Rfd1 Ne5 12.Bf4 d6 13.Qe2 Be7 14.a4 bxa4 
15.Rxa4 O-O 16.Nb3 Rab8 17.Na5 Bc8 18.Nb3 Bf6 19.Bg3 Rd8 20.h3 h6 21.Kh1 
Rb6 22.f4 Nc6 23.Qc4 a5 24.Qe2 Ba6 25.Qd2 Rb4 26.Rda1 Bc4 27.Nc1 d5 28.e5 
Be7 29.b3 Ba6 30.Nd3 Rxa4 31.Nxa4 Nd4 32.Ne1 Ne2 33.Bf2 Rc8 34.c4 Rb8 35.
Qxe2 Rxb3 36.Qc2 dxc4 37.Nc3 Bb4 38.Ne2 Bb7 39.Kh2 Bxe1 40.Bxe1 Bxg2 41.
Kxg2 Qb7+ 42.Kf1 Rb2 43.Qxc4 Qh1+ 44.Kf2 Qh2+ 45.Ke3 Qxh3+ 46.Bg3 Rxe2+ 
47.Qxe2 Qxg3+ 48.Qf3 Qh2 49.Rxa5 Qb2 50.Ra8+ Kh7 51.Rd8 Qb6+ 52.Rd4 g6 53.
Qd1 Kg7 54.Kf3 Qc6+ 55.Kg3 Qc3+ 56.Rd3 Qc5 57.Kg2 Qc6+ 58.Qf3 Qc2+ 59.Kh1 
Qb1+ 60.Rd1 Qc2 61.Rg1 Qc5 62.Kh2 Qd4 63.Rg2 Kh7 64.Qg3 Qd8 65.Qe1 Qd4 66.
Qh4 Qd7 67.Qf6 Qc7 68.Rd2 Qa7 69.Qd8 Qe3 70.Qd4 Qf3 71.Qf2 Qe4 72.Rd4 Qb7 
73.Qd2 Kg7 74.Qf2 Kh7 75.Ra4 Kg7 76.Ra2 Qd5 77.Rd2 Qa5 78.Rd6 Qb5 79.Rb6 
Qd5 80.Rd6 Qb5 81.Rd2 Qa5 82.Rb2 Qc3 83.Rc2 Qd3 84.Rc7 Qe4 85.Rd7 Qc4 86.
Qd2 Qe4 87.Kg3 Qh1 88.Qg2 Qe1+ 89.Qf2 Qc3+ 90.Kh2 Qc4 91.Rd2 Qc3 92.Qd4 
Qf3 93.Rf2 Qh5+ 94.Kg1 Qg4+ 95.Kf1 Qf5 96.Qd8 Qb1+ 97.Kg2 Qb7+ 98.Kh2 Kh7 
99.Qf6 Qd7 100.Ra2 Qb7 101.Rd2 Qc7 102.Rd8 Qc2+ 103.Kg3 Qc3+ 104.Kf2 Qc2+ 
105.Ke3 Qc3+ 106.Kf2 Qc2+ 107.Ke3 Qc3+ 108.Ke2 Qc2+ 109.Rd2 Qc4+ 110.Kf2 
Qc5+ 111.Kg2 Qc6+ 112.Kh2 Qc7 113.Rg2 Qd7 114.Rc2 Qb7 115.Qd8 Qf3 116.Qd2 
Qb7 117.Qe3 Kg7 118.Ra2 Qb1 119.Qd2 Qb7 120.Qd8 Kh7 121.Qf8 Qc7 1/2-1/2